| 000 | 00331nam a2200133 a 4500 | ||
|---|---|---|---|
| 001 | 4211 | ||
| 003 | CDMR | ||
| 005 | 20130116135253.0 | ||
| 008 | 130130s1988||||||||||||||||||||||||||||d | ||
| 040 |
_aCDMR _bcat _cCPC GIRONA |
||
| 245 | 0 | _aCinq siècles de vie juive à Gérone | |
| 260 |
_c1988 _bÉditions Hispaniques Paris |
||
| 942 | _cMON | ||
| 999 |
_c4211 _d4211 |
||